[Event "Quebec op"]
[Site "Longueuil CAN"]
[Date "2018.07.25"]
[Round "6.21"]
[White "Goldner, John"]
[Black "Jacquet, Stephane"]
[Result "1/2-1/2"]
[WhiteElo "1743"]
[BlackElo "1946"]
[PlyCount "132"]
[EventDate "2018.07.21"]
[EventType "swiss"]
[EventRounds "9"]
[EventCountry "CAN"]

1. e4 d6 2. d4 Nf6 3. Nc3 g6 4. Bg5 Bg7 5. f4 O-O 6. Qd2 c6 7. O-O-O b5 8. Bxf6
Bxf6 9. e5 Bg7 10. Ne4 d5 11. Nc5 Nd7 12. Nxd7 Bxd7 13. Be2 f6 14. Nf3 Bg4 15.
h3 Bf5 16. Kb1 a5 17. Qe3 Bh6 18. g3 Be4 19. Bd3 fxe5 20. dxe5 Bxf3 21. Qxf3 e6
22. h4 Qe7 23. Qg4 Kh8 24. Rdf1 a4 25. Rh2 a3 26. c3 axb2 27. Rxb2 Ra4 28. Bc2
Rc4 29. Rf3 Bg7 30. Re3 b4 31. cxb4 Rxb4 32. Reb3 c5 33. Rxb4 cxb4 34. Qd1 Rc8
35. Qd4 Rc4 36. Qb6 Bf8 37. Rb3 Qc7 38. Qxc7 Rxc7 39. Kb2 Kg7 40. Rd3 Rc4 41.
Rf3 Kf7 42. Bb3 Re4 43. Kc2 Bc5 44. Kd2 Bd4 45. Kd3 Bc3 46. a4 Rd4+ 47. Kc2
Rd2+ 48. Kc1 Rb2 49. Bc2 Ra2 50. Bb3 Rb2 51. Bc2 d4 52. g4 b3 53. Bd1 Ke7 54.
h5 Kd7 55. hxg6 hxg6 56. Rh3 Rg2 57. Bxb3 Rxg4 58. Rh7+ Kc6 59. Rf7 d3 60. Bd1
Rg1 61. Ra7 Rf1 62. Ra6+ Kd5 63. Rd6+ Ke4 64. Rxe6 Rxf4 65. Rxg6 Kxe5 66. Rg5+
Rf5 1/2-1/2

[Event "Quebec op"]
[Site "Longueuil CAN"]
[Date "2018.07.25"]
[Round "6.22"]
[White "Chang, Alexander RZ"]
[Black "Acosta, Mariano"]
[Result "1/2-1/2"]
[WhiteElo "1597"]
[BlackElo "1802"]
[PlyCount "96"]
[EventDate "2018.07.21"]
[EventType "swiss"]
[EventRounds "9"]
[EventCountry "CAN"]

1. e4 c5 2. Nf3 g6 3. d4 cxd4 4. Nxd4 Bg7 5. c4 Nc6 6. Be3 Nf6 7. Nc3 O-O 8.
Be2 d6 9. O-O Ne5 10. f3 Bd7 11. Qd2 Rc8 12. b3 a6 13. Rac1 Nc6 14. Nd5 Re8 15.
Nxc6 Bxc6 16. Nxf6+ Bxf6 17. Rfd1 b6 18. Bd4 e5 19. Be3 Be7 20. Qc2 Qc7 21. b4
Bb7 22. Qb3 Kg7 23. Bd3 Rf8 24. Rc2 f5 25. a4 f4 26. Bf2 Rb8 27. Qa2 Bc8 28. a5
bxa5 29. bxa5 Be6 30. Bb6 Rxb6 31. axb6 Qxb6+ 32. Kh1 Rc8 33. Rb1 Qe3 34. Bf1
Qa7 35. Ra1 Rc6 36. Qb2 Bc8 37. Rc3 Bd8 38. Rb3 Bb6 39. Rb1 Bd4 40. Qa2 Rb6 41.
Rxb6 Bxb6 42. Qd2 Bd4 43. Qa5 Qd7 44. Bd3 Qe7 45. Bc2 h5 46. Rb8 Be6 47. Qd8
Qxd8 48. Rxd8 Bc5 1/2-1/2

[Event "Quebec op"]
[Site "Longueuil CAN"]
[Date "2018.07.25"]
[Round "6.24"]
[White "Yagiz, Bora"]
[Black "Trottier, Alain"]
[Result "1-0"]
[WhiteElo "1862"]
[BlackElo "1966"]
[PlyCount "75"]
[EventDate "2018.07.21"]
[EventType "swiss"]
[EventRounds "9"]
[EventCountry "CAN"]

1. e4 c6 2. Nc3 d5 3. Qf3 e6 4. d4 dxe4 5. Nxe4 Nd7 6. Bd3 Ngf6 7. Ne2 Nxe4 8.
Qxe4 Nf6 9. Qh4 b6 10. Bg5 Be7 11. O-O-O a5 12. Rhe1 Ba6 13. Nf4 Bxd3 14. Rxd3
h6 15. Rh3 Qd6 16. Nd3 O-O-O 17. Be3 Nd5 18. Qg3 Bf6 19. Qf3 Kb7 20. a3 Rhf8
21. Kb1 Ne7 22. c3 Nf5 23. Bf4 Qd7 24. Be5 Bxe5 25. Rxe5 f6 26. Rxa5 Ra8 27.
Rxa8 Rxa8 28. Nb4 g5 29. Qd3 g4 30. Rh5 Qd6 31. d5 cxd5 32. Nxd5 Rd8 33. c4 Ng7
34. Qh7 Rd7 35. Nxf6 Rc7 36. Qe4+ Ka7 37. Rxh6 Qd1+ 38. Ka2 1-0

[Event "Quebec op"]
[Site "Longueuil CAN"]
[Date "2018.07.25"]
[Round "6.25"]
[White "Zhong, Kevin"]
[Black "Vignalou, Joseph"]
[Result "1/2-1/2"]
[WhiteElo "1925"]
[BlackElo "1754"]
[PlyCount "70"]
[EventDate "2018.07.21"]
[EventType "swiss"]
[EventRounds "9"]
[EventCountry "CAN"]

1. e4 c5 2. Ne2 Nc6 3. Nbc3 g6 4. g3 Bg7 5. Bg2 Nf6 6. O-O O-O 7. f4 d6 8. d3
Rb8 9. a3 Bd7 10. g4 h5 11. g5 Nh7 12. f5 Be5 13. h4 e6 14. fxg6 fxg6 15. Nf4
Kg7 16. Nce2 Nd4 17. c3 Nxe2+ 18. Qxe2 Bxf4 19. Bxf4 e5 20. Be3 Bg4 21. Qd2 Qe7
22. d4 b6 23. Rxf8 Nxf8 24. Rf1 Nd7 25. d5 Rf8 26. Rxf8 Qxf8 27. Qf2 Qxf2+ 28.
Kxf2 Kf7 29. b4 Ke7 30. Bf3 Bxf3 31. Kxf3 Kd8 32. a4 a5 33. b5 c4 34. Ke2 Nc5
35. Bxc5 dxc5 1/2-1/2

[Event "Quebec op"]
[Site "Longueuil CAN"]
[Date "2018.07.26"]
[Round "7.3"]
[White "Mikhalevski, Victor"]
[Black "Huang, Qiuyu"]
[Result "1-0"]
[WhiteElo "2583"]
[BlackElo "2108"]
[PlyCount "55"]
[EventDate "2018.07.21"]
[EventType "swiss"]
[EventRounds "9"]
[EventCountry "CAN"]

1. c4 e6 2. g3 d5 3. Bg2 Nf6 4. Nf3 Be7 5. O-O O-O 6. b3 c5 7. cxd5 Nxd5 8. Bb2
Nc6 9. d4 cxd4 10. Nxd4 Nxd4 11. Qxd4 Bf6 12. Qd2 Bxb2 13. Qxb2 Qa5 14. Rd1 Nf6
15. Na3 Rb8 16. Nc4 Qh5 17. Bf3 Qh3 18. Qa3 b5 19. Nd6 e5 20. Qxa7 Bg4 21. Qe3
Qh5 22. Rac1 Ne8 23. Nc8 Bxf3 24. exf3 b4 25. Qa7 Rb5 26. Rd8 f5 27. Qa6 Rb8
28. Ne7+ 1-0

[Event "Quebec op"]
[Site "Longueuil CAN"]
[Date "2018.07.26"]
[Round "7.7"]
[White "Voskanyan, Vahagn"]
[Black "Malek, Omid"]
[Result "1-0"]
[WhiteElo "2201"]
[BlackElo "2055"]
[PlyCount "81"]
[EventDate "2018.07.21"]
[EventType "swiss"]
[EventRounds "9"]
[EventCountry "CAN"]

1. Nf3 Nf6 2. c4 e6 3. b3 d5 4. Bb2 c5 5. e3 Nc6 6. cxd5 exd5 7. d4 cxd4 8.
Nxd4 Bd6 9. Nd2 O-O 10. Be2 Nxd4 11. Bxd4 Ne4 12. O-O Bb4 13. Nf3 Nc3 14. Qd3
Nxe2+ 15. Qxe2 Bg4 16. Rfd1 Qe7 17. Bb2 Rfd8 18. Rd4 Be6 19. Rad1 Bc5 20. R4d3
Bb6 21. h3 Rdc8 22. Ba1 f6 23. Nd4 Bxd4 24. Rxd4 Qf7 25. Rf4 Re8 26. Qf3 Rac8
27. g4 Qg6 28. Kh2 Rc7 29. a4 Rcc8 30. Rg1 Rf8 31. Qg3 h6 32. h4 a6 33. Rb4 Rf7
34. Rb6 Re7 35. Bb2 Qe4 36. Bd4 Bf7 37. g5 fxg5 38. hxg5 h5 39. g6 Be6 40. Qg5
Bg4 41. Rxg4 1-0

[Event "Quebec op"]
[Site "Longueuil CAN"]
[Date "2018.07.26"]
[Round "7.8"]
[White "Saha, Ananda"]
[Black "Sambuev, Bator"]
[Result "0-1"]
[WhiteElo "1950"]
[BlackElo "2514"]
[PlyCount "154"]
[EventDate "2018.07.21"]
[EventType "swiss"]
[EventRounds "9"]
[EventCountry "CAN"]

1. Nf3 d5 2. g3 Bg4 3. Bg2 Nd7 4. d3 Ngf6 5. O-O e5 6. c4 dxc4 7. dxc4 c6 8.
Nc3 Be7 9. Qc2 O-O 10. a3 a5 11. Be3 Qc7 12. Rfd1 Bc5 13. Bxc5 Nxc5 14. b4 Ne6
15. Ne4 Nxe4 16. Qxe4 Bxf3 17. Qxf3 Nd4 18. Qd3 Rad8 19. Kf1 f5 20. Qc3 a4 21.
e3 Nb3 22. Rab1 Rd7 23. Rxd7 Qxd7 24. Ke1 f4 25. Rd1 Qf5 26. exf4 exf4 27. Qf3
Qc2 28. Qd3 Qb2 29. Be4 fxg3 30. Qxg3 Re8 31. Qd3 Qe5 32. f3 Qxh2 33. Kf1 Rf8
34. Qd6 Qh1+ 35. Kf2 Qh4+ 36. Ke2 Re8 37. Qd7 Qh5 38. Kf1 Qh1+ 39. Kf2 Qh4+ 40.
Kf1 Rf8 41. Qe6+ Kh8 42. Qd6 Re8 43. Qd7 Qh1+ 44. Kf2 Qh2+ 45. Kf1 Rg8 46. Qd6
Qb2 47. Qd7 Qf6 48. Qh3 h6 49. Qd7 c5 50. Rd6 Qf4 51. Qe6 g6 52. bxc5 Nxc5 53.
Qd5 Nxe4 54. Qd4+ Rg7 55. Rd8+ Kh7 56. Qxe4 Qxe4 57. fxe4 Re7 58. c5 g5 59. Rd4
Rc7 60. Rd5 Kg6 61. Ke2 g4 62. Kf2 Re7 63. Rd4 Kg5 64. Kg3 h5 65. Rd5+ Kg6 66.
Rd6+ Kf7 67. Kf4 Kg7 68. e5 Rf7+ 69. Kg5 g3 70. Rg6+ Kf8 71. Kh4 Rg7 72. Rxg7
Kxg7 73. Kxg3 Kf7 74. Kf4 Ke6 75. Ke4 h4 76. Kf4 h3 77. Kg3 Kxe5 0-1

[Event "Quebec op"]
[Site "Longueuil CAN"]
[Date "2018.07.26"]
[Round "7.10"]
[White "Ouellet, Maili-Jade"]
[Black "Babb, Jeff"]
[Result "1/2-1/2"]
[WhiteElo "2197"]
[BlackElo "2054"]
[PlyCount "114"]
[EventDate "2018.07.21"]
[EventType "swiss"]
[EventRounds "9"]
[EventCountry "CAN"]

1. d4 Nf6 2. c4 c5 3. d5 b5 4. cxb5 a6 5. bxa6 g6 6. Nc3 Bxa6 7. e4 Bxf1 8.
Kxf1 d6 9. g3 Bg7 10. Kg2 O-O 11. Nge2 Nbd7 12. h3 Qb6 13. Qc2 Rfb8 14. Rb1 Qa6
15. b3 Ne5 16. Rd1 Rb7 17. Bg5 h6 18. Be3 Rf8 19. Rd2 Ne8 20. Re1 Nc7 21. f4
Nd7 22. g4 Nb5 23. Nxb5 Qxb5 24. Bf2 Rc8 25. Nd4 Qa6 26. Nc6 Nb8 27. Nxb8 Rbxb8
28. e5 Rb4 29. Re4 Rxe4 30. Qxe4 Rf8 31. Bg3 dxe5 32. fxe5 f5 33. gxf5 Rxf5 34.
Qe2 Qb7 35. Kh2 h5 36. d6 exd6 37. exd6 Qd7 38. Qc4+ Kh7 39. Re2 h4 40. Bxh4
Qxd6+ 41. Bg3 Be5 42. Qg4 Bxg3+ 43. Qxg3 Qf6 44. Qe3 Qd6+ 45. Kg1 Rf7 46. Rg2
Rf5 47. Qg3 Qf6 48. Qg4 Rf1+ 49. Kh2 Rf5 50. a4 Qe5+ 51. Qg3 Qf6 52. a5 Rf3 53.
Qg4 Rxb3 54. Qd7+ Kh6 55. Qd2+ Kg7 56. Qd7+ Kh6 57. Qd2+ Kg7 1/2-1/2

[Event "Quebec op"]
[Site "Longueuil CAN"]
[Date "2018.07.26"]
[Round "7.11"]
[White "Prahov, Valentin"]
[Black "Bouton, Christophe"]
[Result "0-1"]
[WhiteElo "2105"]
[BlackElo "2016"]
[PlyCount "130"]
[EventDate "2018.07.21"]
[EventType "swiss"]
[EventRounds "9"]
[EventCountry "CAN"]

1. e4 e6 2. d4 d5 3. e5 c5 4. c3 Nc6 5. Nf3 Qb6 6. a3 Nh6 7. b4 cxd4 8. cxd4
Nf5 9. Bb2 Be7 10. Be2 Bd7 11. O-O O-O 12. Qd2 f6 13. b5 Na5 14. Nc3 Nb3 15.
Qd3 Nxa1 16. Rxa1 a6 17. a4 axb5 18. Nxb5 Rfc8 19. Qb3 fxe5 20. Nxe5 Be8 21.
Bd3 g6 22. h3 Nd6 23. Re1 Nxb5 24. axb5 Qa5 25. Rb1 Qa4 26. Bc3 Qxb3 27. Rxb3
Ra3 28. Rxa3 Bxa3 29. Bd2 Bc1 30. Bb4 Bf4 31. g3 Rc1+ 32. Kg2 Bxe5 33. dxe5 Kf7
34. Kf3 Ra1 35. b6 Bc6 36. Ke3 Ra4 37. Bc5 Ra2 38. h4 Rb2 39. Bd4 Rb3 40. Kd2
Bb5 41. Bc2 Ra3 42. Bb1 Bc4 43. Bc2 Bf1 44. h5 Bg2 45. hxg6+ hxg6 46. Bb2 Ra2
47. Kc1 Be4 48. Bd1 Ra6 49. Bd4 Bd3 50. Kd2 Bc4 51. Bc2 Ra3 52. Bb2 Ra2 53. Kc1
Be2 54. Bd4 Bf3 55. Bb3 Ra3 56. Kb2 Ra8 57. Kc3 Rc8+ 58. Kd2 Be4 59. Be3 Ra8
60. Bd4 g5 61. Bb2 Kg6 62. Bd1 Ra6 63. Bd4 Ra2+ 64. Ke1 Bc2 65. Bg4 Ra4 0-1

[Event "Quebec op"]
[Site "Longueuil CAN"]
[Date "2018.07.26"]
[Round "7.12"]
[White "Turcotte, Jonathan"]
[Black "Soudre, Nicolas"]
[Result "0-1"]
[WhiteElo "1941"]
[BlackElo "2080"]
[PlyCount "108"]
[EventDate "2018.07.21"]
[EventType "swiss"]
[EventRounds "9"]
[EventCountry "CAN"]

1. d4 e6 2. c4 f5 3. g3 Nf6 4. Bg2 c6 5. Nf3 d5 6. O-O Bd6 7. b3 Qe7 8. Bb2 O-O
9. Qc1 b6 10. Ba3 Ba6 11. Bxd6 Qxd6 12. Rd1 Nbd7 13. e3 Ne4 14. Qa3 Bb7 15.
Qxd6 Nxd6 16. cxd5 cxd5 17. Nc3 Ne4 18. Nxe4 dxe4 19. Ng5 Rfe8 20. Rac1 Nf6 21.
Rc7 Rab8 22. Rdc1 h6 23. Nf7 Nd5 24. Rd7 Nf6 25. Rxb7 Rxb7 26. Nd6 Reb8 27.
Nxb7 Rxb7 28. Rc6 Kf7 29. Bf1 Nd5 30. Bc4 Nc7 31. b4 a6 32. a4 b5 33. axb5 axb5
34. Bb3 Ke7 35. h3 Kd7 36. Rc5 Kd6 37. g4 g6 38. Re5 Ra7 39. Kg2 Ra3 40. Bd1
Ra2 41. h4 Rd2 42. h5 gxh5 43. gxf5 Rxd1 44. f6 Ra1 45. Rxe4 Ra8 46. Rh4 Rg8+
47. Kf1 e5 48. f4 exd4 49. e4 Rg4 50. e5+ Ke6 51. Rxh5 Rxf4+ 52. Ke2 Nd5 53.
Rxh6 Kxe5 54. Rh5+ Ke6 0-1

[Event "Quebec op"]
[Site "Longueuil CAN"]
[Date "2018.07.26"]
[Round "7.13"]
[White "Van Hoolandt, Patrick"]
[Black "Upper, John"]
[Result "0-1"]
[WhiteElo "2065"]
[BlackElo "1969"]
[PlyCount "80"]
[EventDate "2018.07.21"]
[EventType "swiss"]
[EventRounds "9"]
[EventCountry "CAN"]

1. d4 Nf6 2. c4 e6 3. Nf3 d5 4. Nc3 Be7 5. Qc2 c5 6. dxc5 d4 7. Ne4 Nxe4 8.
Qxe4 Nc6 9. a3 a5 10. g3 O-O 11. Bg2 Bxc5 12. O-O f5 13. Qf4 Qf6 14. e4 e5 15.
Qh4 Qg6 16. Re1 h6 17. exf5 Qxf5 18. Qe4 Qxe4 19. Rxe4 Bf5 20. Re1 Rae8 21. Nh4
Bh7 22. Bd5+ Kh8 23. Be4 Rf6 24. Bxh7 Kxh7 25. Re4 g5 26. Ng2 Ref8 27. f4 gxf4
28. gxf4 Rg8 29. b4 axb4 30. axb4 Nxb4 31. f5 Rxf5 32. Ra5 Nd3 33. h4 Rf2 34.
Bg5 hxg5 35. Rxc5 Rxg2+ 36. Kxg2 Nxc5 37. Rxe5 gxh4+ 38. Kh3 b6 39. Rd5 d3 40.
Kxh4 Rg7 0-1

[Event "Quebec op"]
[Site "Longueuil CAN"]
[Date "2018.07.26"]
[Round "7.14"]
[White "Saine, Zachary"]
[Black "Robichaud, Louis"]
[Result "1-0"]
[WhiteElo "1899"]
[BlackElo "2060"]
[PlyCount "77"]
[EventDate "2018.07.21"]
[EventType "swiss"]
[EventRounds "9"]
[EventCountry "CAN"]

1. e4 e5 2. Nf3 Nc6 3. Bc4 Bc5 4. c3 Nf6 5. d4 exd4 6. cxd4 Bb4+ 7. Bd2 Bxd2+
8. Nbxd2 d5 9. exd5 Nxd5 10. Qb3 Nce7 11. O-O O-O 12. Rfe1 Nb6 13. Bd3 Nf5 14.
Qc2 g6 15. Nb3 Nd5 16. a3 Nf4 17. Bf1 Nd6 18. Rac1 c6 19. Nc5 Bg4 20. Ne5 Bf5
21. Qd2 Nd5 22. g3 f6 23. Bg2 fxe5 24. dxe5 Nb5 25. Nxb7 Qe8 26. Rxc6 Ne7 27.
Nd6 Qd8 28. Rc5 Rb8 29. Bd5+ Kg7 30. Nxb5 Be6 31. Nc7 Bxd5 32. Nxd5 Nxd5 33.
Rxd5 Qb6 34. Rd7+ Kh8 35. e6 Qxb2 36. Qxb2+ Rxb2 37. e7 Re8 38. Rd8 Rb8 39.
Rxb8 1-0

[Event "Quebec op"]
[Site "Longueuil CAN"]
[Date "2018.07.26"]
[Round "7.15"]
[White "Currie, James"]
[Black "Luksza, Arkadiusz"]
[Result "0-1"]
[WhiteElo "2006"]
[BlackElo "2106"]
[PlyCount "58"]
[EventDate "2018.07.21"]
[EventType "swiss"]
[EventRounds "9"]
[EventCountry "CAN"]

1. e4 c6 2. d3 d5 3. Nd2 dxe4 4. dxe4 g6 5. Bc4 Bg7 6. Qf3 e6 7. Qe2 Nd7 8. h4
h5 9. f4 Nh6 10. Ngf3 Qc7 11. e5 Nf5 12. Rh3 Nb6 13. b3 Nd5 14. Bb2 Nxf4 15.
Qf1 Ne3 16. Qf2 Nxc2+ 17. Kd1 Nxh3 18. gxh3 Nxa1 19. Bxa1 b5 20. Bd3 O-O 21.
Ne4 c5 22. Nfg5 c4 23. Bc2 Bb7 24. Nd6 Rad8 25. Qf4 cxb3 26. Bxb3 Qc6 27. Bd4
a5 28. Bc2 Rxd6 29. exd6 Qd5 0-1

[Event "Quebec op"]
[Site "Longueuil CAN"]
[Date "2018.07.26"]
[Round "7.16"]
[White "Wu, Tony (Dongze)"]
[Black "Lopez Linares, Lizandro"]
[Result "0-1"]
[WhiteElo "1883"]
[BlackElo "2088"]
[PlyCount "116"]
[EventDate "2018.07.21"]
[EventType "swiss"]
[EventRounds "9"]
[EventCountry "CAN"]

1. d4 d5 2. Nf3 Nf6 3. g3 Bf5 4. Bg2 h6 5. O-O e6 6. c4 c6 7. Nc3 Nbd7 8. Nd2
Be7 9. e4 dxe4 10. Ndxe4 O-O 11. Be3 Qa5 12. Qd2 Qa6 13. c5 Rfd8 14. Qe2 Qxe2
15. Nxf6+ Nxf6 16. Nxe2 a5 17. Nc3 a4 18. Rfd1 a3 19. b4 Nd5 20. Nxd5 exd5 21.
Bf1 Ra4 22. b5 Bf6 23. b6 Rda8 24. Bd3 Bxd3 25. Rxd3 g5 26. Rb1 Kg7 27. Rbb3 g4
28. h3 h5 29. hxg4 hxg4 30. Kg2 Kg6 31. f3 Kf5 32. Bf2 Bg5 33. Be1 Rc4 34. Bc3
Bc1 35. Rb1 Bb2 36. fxg4+ Kxg4 37. Bxb2 Rc2+ 38. Kg1 axb2 39. a3 Re8 40. Kf1
Ree2 41. Rb3 Kh3 42. a4 Rf2+ 43. Ke1 Rh2 44. g4+ Kxg4 45. Kd1 Rcg2 46. Re3 Rg1+
47. Re1 Rxe1+ 48. Kxe1 Rh1+ 49. Kd2 Rxb1 50. Kc2 Ra1 51. Kxb2 Rxa4 52. Kc3 Kf3
53. Kd3 Ra3+ 54. Kd2 Ke4 55. Ke2 Ra2+ 56. Ke1 Ke3 57. Kf1 f5 58. Kg1 Kf3 0-1

[Event "Quebec op"]
[Site "Longueuil CAN"]
[Date "2018.07.26"]
[Round "7.17"]
[White "Javidfard, Amirsalar"]
[Black "Libersan, Thierry"]
[Result "1-0"]
[WhiteElo "1990"]
[BlackElo "2047"]
[PlyCount "81"]
[EventDate "2018.07.21"]
[EventType "swiss"]
[EventRounds "9"]
[EventCountry "CAN"]

1. Nf3 Nf6 2. c4 g6 3. Nc3 Bg7 4. g3 O-O 5. Bg2 d6 6. O-O e5 7. d4 Nbd7 8. Bd2
Re8 9. Qc1 c6 10. dxe5 dxe5 11. Rd1 Qc7 12. Na4 e4 13. Nd4 Ng4 14. e3 f5 15. c5
Nde5 16. Be1 h5 17. b4 h4 18. Nb2 hxg3 19. hxg3 Qf7 20. Qc2 Bf8 21. Qb3 Be6 22.
Nxe6 Rxe6 23. Bc3 Rae8 24. Kf1 g5 25. Ke2 f4 26. gxf4 gxf4 27. Bxe4 fxe3 28. f3
Bg7 29. Rg1 Qf4 30. Rg2 Kf8 31. Nd3 Qh6 32. fxg4 Nxd3 33. Bxd3 Rd8 34. Rf1+ Ke7
35. Rf3 Qh1 36. Rfg3 Qc1 37. Bxg7 Qd2+ 38. Kf3 Rxd3 39. Rxd2 Rxb3 40. Re2 Rd3
41. Bb2 1-0

[Event "Quebec op"]
[Site "Longueuil CAN"]
[Date "2018.07.26"]
[Round "7.18"]
[White "Jacquet, Stephane"]
[Black "Zheng, Richard"]
[Result "1-0"]
[WhiteElo "1936"]
[BlackElo "1986"]
[PlyCount "69"]
[EventDate "2018.07.21"]
[EventType "swiss"]
[EventRounds "9"]
[EventCountry "CAN"]

1. d4 d5 2. c4 c6 3. Nc3 Nf6 4. Nf3 e6 5. cxd5 exd5 6. Qc2 Bd6 7. Bg5 O-O 8. e3
h6 9. Bh4 Re8 10. Bd3 a5 11. O-O Bg4 12. Rae1 Bxf3 13. gxf3 Be7 14. Kh1 Nbd7
15. Rg1 Nh5 16. Bxe7 Qxe7 17. Ne2 Nf8 18. Rg2 Ne6 19. Reg1 Kh8 20. f4 c5 21.
Bf5 cxd4 22. Bxe6 Qxe6 23. Nxd4 Qe4 24. Qc7 Rac8 25. Qxf7 g6 26. f3 Qxe3 27.
Re2 Qxg1+ 28. Kxg1 Rf8 29. Qxb7 Nxf4 30. Re7 Nh3+ 31. Kf1 Rc1+ 32. Ke2 Ng5 33.
Qxd5 Nf7 34. Rxf7 Re8+ 35. Ne6 1-0

[Event "Quebec op"]
[Site "Longueuil CAN"]
[Date "2018.07.26"]
[Round "7.19"]
[White "Poulin, Maurice"]
[Black "Goldner, John"]
[Result "1-0"]
[WhiteElo "1970"]
[BlackElo "1743"]
[PlyCount "67"]
[EventDate "2018.07.21"]
[EventType "swiss"]
[EventRounds "9"]
[EventCountry "CAN"]

1. e4 e5 2. Nf3 Nc6 3. c3 d5 4. Qa4 Bd7 5. exd5 Nd4 6. Qd1 Nxf3+ 7. Qxf3 Nf6 8.
Bc4 b5 9. Bb3 e4 10. Qe3 Bd6 11. h3 O-O 12. O-O Re8 13. d4 a5 14. a3 a4 15. Ba2
Bf5 16. Qg5 Qd7 17. g4 Nxg4 18. hxg4 Bxg4 19. Qh4 Bf3 20. Bf4 Bxf4 21. Qxf4 Qh3
22. Qh2 Qg4+ 23. Qg3 Qh5 24. Qh2 Qf5 25. Qg3 Ra6 26. Nd2 Rg6 27. Rae1 Qh3 28.
Nxf3 Rxg3+ 29. fxg3 Qxg3+ 30. Kh1 e3 31. Re2 Re4 32. Nh2 Rh4 33. d6 Qh3 34.
Rxf7 1-0

[Event "Quebec op"]
[Site "Longueuil CAN"]
[Date "2018.07.26"]
[Round "7.20"]
[White "Auger, Bertrand"]
[Black "Chang, Alexander RZ"]
[Result "1-0"]
[WhiteElo "1935"]
[BlackElo "1597"]
[PlyCount "107"]
[EventDate "2018.07.21"]
[EventType "swiss"]
[EventRounds "9"]
[EventCountry "CAN"]

1. Nf3 d5 2. c4 e6 3. g3 Nf6 4. Bg2 Be7 5. O-O O-O 6. d4 c6 7. Nc3 Nbd7 8. Qb3
Re8 9. e4 Nxe4 10. Nxe4 dxe4 11. Ne5 Nxe5 12. dxe5 Qc7 13. Qc3 b6 14. Be3 c5
15. Qc2 Bb7 16. Bxe4 Bxe4 17. Qxe4 Rad8 18. Rfd1 Rd7 19. Rxd7 Qxd7 20. Kf1 Rd8
21. Ke2 a6 22. Qc2 g6 23. Rd1 Qxd1+ 24. Qxd1 Rxd1 25. Kxd1 f5 26. Kc2 Kf7 27.
Kb3 Ke8 28. a4 a5 29. Kc2 Kd7 30. h4 h5 31. Kd3 Ke8 32. Bh6 Kf7 33. Ke3 Bd8 34.
Kf4 Bc7 35. Bg5 Kg7 36. Bf6+ Kh6 37. b3 Bb8 38. Bd8 Ba7 39. Bc7 g5+ 40. hxg5+
Kg6 41. f3 Kf7 42. Ke3 Kg6 43. f4 Kf7 44. Kf3 Kg6 45. Kg2 Kf7 46. Kh3 Kg7 47.
Kh4 Kg6 48. Bd8 Kh7 49. Kxh5 Kg7 50. g6 Kg8 51. Kg5 Kg7 52. Bc7 Kg8 53. Kf6 Kf8
54. Kxe6 1-0

[Event "Quebec op"]
[Site "Longueuil CAN"]
[Date "2018.07.26"]
[Round "7.21"]
[White "Acosta, Mariano"]
[Black "Zhong, Kevin"]
[Result "1/2-1/2"]
[WhiteElo "1802"]
[BlackElo "1925"]
[PlyCount "128"]
[EventDate "2018.07.21"]
[EventType "swiss"]
[EventRounds "9"]
[EventCountry "CAN"]

1. Nf3 d5 2. c4 d4 3. b4 g6 4. Bb2 Bg7 5. e3 e5 6. exd4 exd4 7. Bd3 Ne7 8. O-O
a5 9. Qa4+ Bd7 10. b5 c5 11. Be4 Qc7 12. Re1 Ra7 13. Qb3 b6 14. d3 O-O 15. Nfd2
Be6 16. Nf1 Qd6 17. Nbd2 Nd7 18. g3 h5 19. Bh1 f5 20. f4 Bf6 21. Nf3 Kg7 22.
Re2 Rh8 23. Rae1 Nf8 24. h4 Bf7 25. Bc1 Ne6 26. N1h2 Re8 27. Ng5 Bxg5 28. hxg5
h4 29. Nf3 hxg3 30. Ne5 Nd8 31. Rg2 Ng8 32. Rf1 Be6 33. Rxg3 Nf7 34. Qd1 Nxe5
35. fxe5 Qe7 36. Bf4 Kf8 37. Bc6 Rc8 38. Bd5 Rd8 39. Qf3 Qd7 40. Bc6 Qg7 41.
Qh1 Rc8 42. Rh3 Rcc7 43. Rf2 Qe7 44. Bd5 Qe8 45. Rfh2 Rg7 46. Rh8 Qe7 47. a4
Qd7 48. Bc6 Qe7 49. Qg2 Rc7 50. Bd5 Ra7 51. Qf3 Qd7 52. Bc6 Qe7 53. Bd5 Qd7 54.
Qh1 Qe7 55. Re2 Qd7 56. Bxe6 Qxe6 57. Qc6 Rae7 58. Qd5 Re8 59. Reh2 Rd7 60. Qh1
Rg7 61. R8h7 Ree7 62. Rh8 Re8 63. R2h7 Ree7 64. Qh6 Rd7 1/2-1/2

[Event "Quebec op"]
[Site "Longueuil CAN"]
[Date "2018.07.26"]
[Round "7.22"]
[White "Vignalou, Joseph"]
[Black "Yagiz, Bora"]
[Result "0-1"]
[WhiteElo "1754"]
[BlackElo "1862"]
[PlyCount "67"]
[EventDate "2018.07.21"]
[EventType "swiss"]
[EventRounds "9"]
[EventCountry "CAN"]

1. e4 Nf6 2. Nc3 d6 3. d4 Nbd7 4. f4 Nb6 5. Nf3 Bg4 6. h3 Bxf3 7. Qxf3 e6 8.
Be3 d5 9. e5 Nfd7 10. O-O-O Be7 11. h4 O-O 12. g4 c5 13. Rd2 cxd4 14. Bxd4 f6
15. Qg3 fxe5 16. fxe5 Bxh4 17. Rxh4 Rxf1+ 18. Nd1 Nc4 19. Rh5 Nxd2 20. Qh3 Nf8
21. Kxd2 Rf7 22. Qe3 Ng6 23. Nf2 Nf4 24. Rh2 Qa5+ 25. Bc3 Qa4 26. b3 Qxa2 27.
g5 Rc8 28. g6 hxg6 29. Ng4 b5 30. Nf6+ gxf6 31. Qxf4 Rxc3 32. Kxc3 Qa1+ 33. Kd2
Qxe5 34. Qh6 0-1

[Event "Quebec op"]
[Site "Longueuil CAN"]
[Date "2018.07.26"]
[Round "7.23"]
[White "Trottier, Alain"]
[Black "Lemieux, Serge"]
[Result "0-1"]
[WhiteElo "1966"]
[BlackElo "1702"]
[PlyCount "95"]
[EventDate "2018.07.21"]
[EventType "swiss"]
[EventRounds "9"]
[EventCountry "CAN"]

1. Nf3 d5 2. g3 e6 3. Bg2 c5 4. O-O Nf6 5. d4 Nc6 6. c4 dxc4 7. Qa4 Bd7 8. Qxc4
Na5 9. Qc2 Rc8 10. Nc3 Bc6 11. Rd1 Qb6 12. e4 Be7 13. d5 exd5 14. exd5 Bd7 15.
Qe2 O-O 16. Bf4 Rfe8 17. Qc2 h6 18. Ne5 Bf8 19. Re1 Qd8 20. Rad1 b5 21. Nxd7
Qxd7 22. Rxe8 Rxe8 23. b3 Nb7 24. a4 b4 25. Ne4 Nxe4 26. Bxe4 Nd6 27. Bh7+ Kh8
28. Bd3 Rc8 29. Ba6 Rc7 30. Bb5 Nxb5 31. Bxc7 Nxc7 32. Qc4 Bd6 33. Re1 f6 34.
Qe4 Be5 35. Rd1 Qd6 36. Qf5 a5 37. Qc8+ Kh7 38. Qf5+ Kg8 39. Qc8+ Kf7 40. Qb7
Qa6 41. Qb8 Qe2 42. Rc1 Nxd5 43. Qa7+ Kg6 44. Qxc5 Nc3 45. Rf1 Qe4 46. h4 Ne2+
47. Kh2 Qxh4+ 48. Kg2 0-1

[Event "Quebec op"]
[Site "Longueuil CAN"]
[Date "2018.07.27"]
[Round "8.2"]
[White "Edouard, Romain"]
[Black "Mikhalevski, Victor"]
[Result "1/2-1/2"]
[WhiteElo "2638"]
[BlackElo "2583"]
[PlyCount "39"]
[EventDate "2018.07.21"]
[EventType "swiss"]
[EventRounds "9"]
[EventCountry "CAN"]

1. d4 Nf6 2. c4 g6 3. Nc3 d5 4. Nf3 Bg7 5. Bf4 O-O 6. Rc1 dxc4 7. e3 Nbd7 8.
Bxc4 Nh5 9. Bg5 h6 10. Bh4 g5 11. g4 gxh4 12. gxh5 c5 13. Rg1 Kh8 14. dxc5 Nxc5
15. Qxd8 Rxd8 16. Ke2 e6 17. b4 Na6 18. a3 Bd7 19. Bd3 Nc7 20. Rc2 1/2-1/2

[Event "Quebec op"]
[Site "Longueuil CAN"]
[Date "2018.07.27"]
[Round "8.6"]
[White "Huang, Qiuyu"]
[Black "Voskanyan, Vahagn"]
[Result "0-1"]
[WhiteElo "2108"]
[BlackElo "2201"]
[PlyCount "136"]
[EventDate "2018.07.21"]
[EventType "swiss"]
[EventRounds "9"]
[EventCountry "CAN"]

1. e4 c6 2. d4 d5 3. exd5 cxd5 4. Bd3 Nc6 5. c3 g6 6. h3 Nh6 7. Nf3 Nf5 8. Bf4
Bg7 9. Qb3 O-O 10. g4 Na5 11. Qc2 Nd6 12. Nbd2 a6 13. a4 Nac4 14. O-O Be6 15.
Nb3 b6 16. Rfe1 Qd7 17. Ne5 Nxe5 18. dxe5 Nb7 19. Nd4 Nc5 20. Bf1 Rfc8 21. f3
Qc7 22. Qd2 Qd7 23. b3 Qe8 24. Bg3 Bd7 25. Bg2 e6 26. f4 Bc6 27. f5 Bb7 28. f6
Bf8 29. Bf4 b5 30. a5 Rc7 31. h4 Ne4 32. Bxe4 dxe4 33. h5 Qd8 34. hxg6 hxg6 35.
Re3 b4 36. Rh3 Rxc3 37. Be3 Rxe3 38. Qxe3 Rc8 39. Qd2 Rc3 40. Rxc3 bxc3 41.
Qxc3 e3 42. Qc4 Bh6 43. Qc5 Bf8 44. Qc4 Qb8 45. Nc6 Bxc6 46. Qxc6 Qxe5 47. Rc1
Qxf6 48. Qc2 Qd4 49. Qe2 Qe5 50. Rc4 Bc5 51. b4 Bd4 52. Rc6 Bc3 53. Rb6 Qd5 54.
b5 axb5 55. a6 Bd4 56. Rb8+ Kg7 57. Rb7 Qc6 58. Kh2 Qxa6 59. Rxb5 Qd6+ 60. Kg2
Qc6+ 61. Kh2 e5 62. Rb1 Qd6 63. Rb5 e4+ 64. Kg2 Qf4 65. Rb4 Be5 66. Kg1 Qg3+
67. Kf1 Qf3+ 68. Qxf3 exf3 0-1